El seguro de accidentes del trabajo y enfermedades profesionales

Guardat en:
Dades bibliogràfiques
Format: Llibre
Idioma:espanyol
Publicat: Santiago LexisNexis 2006
Edició:1a. ed
Matèries:
Etiquetes: Afegir etiqueta
Sense etiquetes, Sigues el primer a etiquetar aquest registre!

MARC

LEADER 00000nam a2200000 a 4500
001 UCJ1888
003 CL-VaPUC
008 061117e20060000CL |||||||||||||||||spa|d
020 |a 9562386740 
082 0 4 |a 344.02  |b SEG  |2 21 
245 1 3 |a El seguro de accidentes del trabajo y enfermedades profesionales 
250 |a 1a. ed 
300 |a 680 p 
942 |c BK 
945 |d 20061117 00:00:00  |a jtorresc 
260 |a Santiago  |b LexisNexis  |c 2006 
650 7 |a SEGURO DE ACCIDENTES DEL TRABAJO  |2 CL-VaPUC  |9 502666 
650 7 |a SISTEMA JURIDICO  |2 CL-VaPUC  |9 502667 
650 7 |a LEGISLACION)SEGURIDAD SOCIAL  |2 CL-VaPUC  |9 502668 
650 7 |a SEGURO DE ENFERMEDADES  |2 CL-VaPUC  |9 502669 
650 0 |a Código del trabajo  |9 255479 
583 |a last modification  |c 20061117 00:00:00  |k Rodrigo Vera 
999 |c 318320  |d 318318 
952 |0 0  |1 0  |4 0  |6 344_020000000000000_SEG_2006  |7 0  |8 A  |9 396071  |a BIBDER  |b BIBDER  |d 2019-11-22  |i 4296524  |o 344.02 SEG 2006  |p 4296524  |r 2023-01-25  |w 2019-11-22  |y BK  |k DER